000 00606cam a22002053a 4500
001 45767
003 PGUSA
005 20140828084048.0
008 140526s2014||||xxu|||||s|||||000 | eng d
040 _aPGUSA
_beng
042 _adc
100 1 _aBacon, George Washington
245 1 0 _aAbraham Lincoln geschetst in zijn leven en daden
_h[electronic resource] /
_cGeorge Washington Bacon
260 _bProject Gutenberg,
_c2014
506 _aPublic domain in the USA.
516 _aElectronic text
830 0 _aProject Gutenberg
_v45767
856 4 0 _uhttp://www.gutenberg.org/ebooks/45767
942 _cEB
999 _c275017
_d275017